|
|
|
|
| LEADER |
01211nam a2200253 u 4500 |
| 001 |
10017094 |
| 003 |
GR-PaULI |
| 005 |
20240419101313.0 |
| 008 |
180712s1998 enk g b 1 eng d |
| 020 |
|
|
|a 9057021528
|
| 022 |
|
|
|a 1048-6801
|
| 040 |
|
|
|a GR-PaULI
|c GR-PaULI
|b gre
|e AACR2
|
| 082 |
0 |
4 |
|a 812.54
|2 23
|
| 245 |
0 |
0 |
|a Sam Shepard :
|b between the Margin and the Centre (2) /
|c issue editor Johan Callens.
|
| 300 |
|
|
|a τ. :
|b εικ. ;
|c 23 εκ.
|
| 500 |
0 |
|
|a Contemporary theatre review : an international journal, vol. 8, part 4.
|
| 600 |
1 |
4 |
|a Shepard, Sam,
|d 1943-2017
|x Ερμηνεία και κριτική
|9 170070
|
| 650 |
|
4 |
|a Θεατρικοί παραγωγοί και σκηνοθέτες
|9 105746
|z Ηνωμένες Πολιτείες Αμερικής
|
| 650 |
|
0 |
|a Συγγραφείς, Αμερικανοί
|y 20ός αιώνας
|v Βιογραφία
|9 76793
|
| 773 |
0 |
|
|a Contemporary theatre review : an international journal.
|
| 942 |
|
|
|2 ddc
|c BK15
|
| 952 |
|
|
|0 0
|1 0
|2 ddc
|4 0
|6 812_540000000000000_SHE_CAL
|7 0
|9 224363
|a THST
|b THST
|d 2018-07-16
|i 005551
|l 1
|o 812.54 SHE CAL
|p 025000117069
|r 2022-11-22 00:00:00
|s 2022-11-03
|t 1
|v 2018.00
|w 2018-07-16
|y BK15
|
| 998 |
|
|
|c ΜΑΝΙΑ
|d 2018-07
|
| 999 |
|
|
|c 135469
|d 135469
|